| 000 | 02288nam a2200349 i 4500 | ||
|---|---|---|---|
| 001 | 768714001 | ||
| 003 | CO-MdFUSB | ||
| 005 | 20220720062538.0 | ||
| 007 | ta | ||
| 008 | 200617t1992 cl |||| |||| 00| 0 spa d | ||
| 020 | _a95620111 | ||
| 024 | _a05 | ||
| 040 |
_aCO-MdFUSB _bspa _cCO-MdFUSB _dCO-MdFUSBC _erda |
||
| 041 | _aspa | ||
| 082 |
_223 _a158.1 _bM445 |
||
| 100 |
_aMaturana, Humberto R. _d1928- _eautor |
||
| 245 | 3 |
_aEl sentido de lo humano _c/ Humberto Maturana R. ; colaboración por Sima Nisis de Rezepka |
|
| 250 | _aSegunda edición | ||
| 264 | 1 |
_aChile : _bHachette, _c[1992] |
|
| 264 | 4 | _c©1992 | |
| 300 |
_c315 páginas ; _a23 cm |
||
| 336 |
_2rdacontent _atexto _btxt |
||
| 337 |
_2rdamedia _asin mediación _bn |
||
| 338 |
_2rdacarrier _avolumen _bnc |
||
| 490 | _aColección Hachette / Comunicación | ||
| 505 | _aPreguntas -- Entrevista ¿Dónde? -- Convivir para conocer -- Convivencia, aceptación y creatividad -- BiologizArte -- Reflexiones: Utopía y ciencia ficción -- Poiesis: Distinción de configuraciones -- Narración: Una problemática existencial -- Opifex -- Homenaje: Lola Hoffman -- Homenaje: Joaquín Luco -- Una figura señera: Francisco Hoffman -- El consejero: Juan Gómez Millas -- Prólogo: El cáliz y la espada -- Carta: ¿Cuándo se es humano? -- Conversación acerca de Carl Auer: Las cosas no son como son -- ¿Dos mundos? -- ¿Qué es ver? -- Biología de lo psíquico -- Sobre Educación -- Educación y Universidad -- ¿Es prescindible la Universidad? -- Red de conversaciones: Gobierno universitario como coinspiración -- Biotecnología -- Biología del conocer y del aprendizaje -- Cuerpo-espíritu: ser y llegar a ser; educación y responsabilidad -- Charla: El amor y el origen de la humanidad -- Conferencia: ¿Niño limitado o niño diferente? -- Del patriarcado a la guerra -- Un nuevo proposito de convivencia -- Fundamentos matrísticos -- Iniciativa planetaria: La paz desde fuera de la guerra -- Del holocausto a la subrevivencia: La muerte se vive solo al renacer -- ¿Que mundo queremos vivir? sobre la guerra -- Ultílogo -- Hombre, mariposa o vilano | ||
| 563 | _aRústico | ||
| 650 | 7 |
_aFilosofía _2 _97168 |
|
| 700 |
_94266 _aNisis de Rezepka, Sima _ecolaborador |
||
| 942 | _cBK | ||
| 945 | _aDani | ||
| 999 |
_c66147 _d66147 |
||